000 00332nam a22001457a 4500
008 210310b ||||| |||| 00| 0 eng d
020 _a0321278887
041 _aeng
080 _29th
_a330.101.541
082 _a330.101.541
100 _a52
101 _aMAKRO
245 _aEconomic Development
_cTodaro, M, P
942 _2udc
_cBK
999 _c56109
_d56109